Archivovanie a uchovávanie daňovej, účtovnej, personálnej a mzdovej agendy v zmysle novelizovaného zákona o archívoch a registratúrach

Zmeny, ktoré prináša pre podnikateľov zákon č. 216/2007 Z.z. o archívoch a registratúrach. Archív, archívny dokument, sústava archívov, povinnosti archívov. Registratúry, správa registratúry, povinnosti pôvodcu registratúry, registratúrne záznamy - vyraďovanie. Uchovávanie daňovej, účtovnej, personá...

Description complète

Enregistré dans:
Détails bibliographiques
Auteur principal: Gášpárová, Eva
Format: Chapitre de livre
Langue:slovaque
Sujets:
Tags: Ajouter un tag
Pas de tags, Soyez le premier à ajouter un tag!

MARC

LEADER 00000naa$a2200000$$$4500
001 0058214
005 20231114095708.6
041 0 |a slo 
044 |a SK 
245 1 0 |a Archivovanie a uchovávanie daňovej, účtovnej, personálnej a mzdovej agendy v zmysle novelizovaného zákona o archívoch a registratúrach  |c Eva Gášpárová 
520 |a Zmeny, ktoré prináša pre podnikateľov zákon č. 216/2007 Z.z. o archívoch a registratúrach. Archív, archívny dokument, sústava archívov, povinnosti archívov. Registratúry, správa registratúry, povinnosti pôvodcu registratúry, registratúrne záznamy - vyraďovanie. Uchovávanie daňovej, účtovnej, personálnej a mzdovej agendy. 
610 2 0 |a archívy 
610 2 0 |a archívy účtovné 
610 2 0 |a registre 
610 2 0 |a zákony 
610 2 0 |a novelizácia 
610 2 0 |a Slovensko 
610 2 0 |a 2002-2007 
100 1 |a Gášpárová, Eva